| 000 | 00976nac a22002531u 4500 | ||
|---|---|---|---|
| 010 | _a 2005934718 | ||
| 020 | _a0495091588 | ||
| 082 |
_a361.10973 _bMOO |
||
| 090 |
_c8800 _d8800 |
||
| 100 | _aMooney, Linda A. | ||
| 245 | 1 | 0 |
_aUnderstanding social problems / _cLinda A. Mooney, David Knox, Caroline Schacht. |
| 250 | _a5th ed. | ||
| 260 |
_aBelmont, CA : _bThomson Higher Education,2007 _cc2007. |
||
| 300 |
_a1 v. (various pagings) : _bill. (chiefly col.), col. maps ; _c26 cm. |
||
| 500 | _adistributer: Baccah | ||
| 504 | _aIncludes bibliographical references and indexes. | ||
| 511 | _acatalogued by: wessam | ||
| 650 | 0 |
_aSocial problems _zUnited States. |
|
| 651 | 0 |
_aUnited States _xSocial conditions _y1980- |
|
| 700 | 1 |
_aKnox, David, _d1943- |
|
| 700 | 1 | _aSchacht, Caroline. | |
| 942 |
_cBB _k361.10973MOO |
||
| 999 |
_c8800 _d8800 |
||